Letter by letter - Countries #2 - Statistics

General Stats
  • This quiz has been taken 97 times
  • The average score is 32 of 38
Answer Stats
Answer % Correct
E
100%
T
100%
N
96%
S
96%
V
94%
Ni
90%
Ta
90%
Es
87%
Sa
87%
Est
86%
Esto
86%
Eston
86%
Estoni
85%
Estonia
85%
Nic
83%
Ve
83%
Nica
82%
Nicar
82%
Tan
82%
Nicara
81%
Nicarag
81%
Nicaragu
81%
Nicaragua
81%
Sam
79%
Samo
79%
Samoa
79%
Tanz
78%
Tanza
78%
Tanzan
78%
Tanzani
78%
Tanzania
78%
Ven
77%
Vene
77%
Venez
76%
Venezu
76%
Venezue
76%
Venezuel
76%
Venezuela
76%
No matching quizzes found
Score Distribution
Percent of People with Each Score
Percentile by Number Answered
Your Score History
You have not taken this quiz